000
00224nam a22001097a 4500
082
_a
823
_b
BLY/E
100
_a
BLYTON, ENID
245
_a
THE ENCHANTED WOOD
260
_a
SINGAPORE
_b
MAMMOTH
_c
1995
300
_a
185
942
_c
BK
999
_c
7225
_d
7225